000 00478 a2200181 4500
999 _c3645
_d3645
003 Nust
005 20170105101221.0
008 161123b xxu||||| |||| 00| 0 eng d
020 _a9788779071599
040 _aLOC
_cLOC
082 _a338.91
100 _aBille,Marie
245 _aAID Understanding International Development Cooperation
_cMarie Bille
260 _aNew York
_bZed books Ltd
_c2003
300 _a350p
500 _aPaper cover
942 _cBK
_k338.91 DEG
_2ddc